000 00616cam a22002293a 4500
001 13459
003 PGUSA
005 20140828083305.0
008 040915s2004||||xxu|||||s|||||000 1 eng d
040 _aPGUSA
_beng
042 _adc
050 4 _aPR
100 1 _aOuida,
_d1839-1908
245 1 4 _aThe Waters of Edera
_h[electronic resource] /
_cOuida
260 _bProject Gutenberg,
_c2004
506 _aPublic domain in the USA.
516 _aElectronic text
653 _aPeasants -- Italy -- Fiction
830 0 _aProject Gutenberg
_v13459
856 4 0 _uhttp://www.gutenberg.org/ebooks/13459
942 _cEB
999 _c242714
_d242714